Komparatívna analýza účtovníctva organizácií štátnej správy v Slovenskej republike a v Maďarskej republike dizertačná práca
Gespeichert in:
| 1. Verfasser: | |
|---|---|
| Körperschaft: | |
| Weitere Verfasser: | |
| Format: | Buch |
| Sprache: | Slowakisch |
| Veröffentlicht: |
Bratislava
2004
|
| Schlagworte: | |
| Tags: |
Keine Tags, Fügen Sie das erste Tag hinzu!
|
MARC
| LEADER | 00000nam$a2200000$$$4500 | ||
|---|---|---|---|
| 001 | 0036782 | ||
| 005 | 20240104093516.1 | ||
| 041 | 0 | |a slo | |
| 044 | |a SK | ||
| 245 | 1 | 0 | |a Komparatívna analýza účtovníctva organizácií štátnej správy v Slovenskej republike a v Maďarskej republike |b dizertačná práca |c Ladislav Zakhar ; školiteľ: Antónia Kovalčíková |
| 264 | 1 | |a Bratislava |c 2004 | |
| 300 | |a 168 s. | ||
| 610 | 2 | 0 | |a analýza komparatívna |
| 610 | 2 | 0 | |a správa štátna |
| 610 | 2 | 0 | |a závierka účtovná |
| 610 | 2 | 0 | |a pokladnica štátna |
| 610 | 2 | 0 | |a rozpočet štátny |
| 610 | 2 | 0 | |a účtovníctvo |
| 610 | 2 | 0 | |a úpravy právne |
| 610 | 2 | 0 | |a Slovensko |
| 610 | 2 | 0 | |a Maďarsko |
| 100 | 1 | |a Zakhar, Ladislav | |
| 700 | 1 | |a Kovalčíková, Antónia | |
| 710 | 2 | |a Podnikovohospodárska fakulta EU so sídlom v Košiciach. Katedra účtovníctva a financií | |